| 000 | 00798nam a2200229 a 4500 | ||
|---|---|---|---|
| 001 | 48763 | ||
| 003 | BD-RjUL | ||
| 005 | 20211209054600.0 | ||
| 008 | 160816s1968 b ||||| |||| 00| 0 eng d | ||
| 020 | _c :Tk.4.00 | ||
| 035 | _a(BD-RjUL)48882 | ||
| 040 |
_aBD-RjUL _bben _cBD-RjUL |
||
| 041 | _aben | ||
| 082 |
_223 _a891.441 _bJAK 1968 |
||
| 100 | 1 |
_aজাফর, সিকানদার আবু _9126571 |
|
| 245 | 1 | 0 |
_aকবিতা ১৩৭২ / _cসিকানদার আবু জাফর. |
| 260 |
_aঢাকা : _bসমকাল প্রকাশনী, _c১৯৬৮. |
||
| 300 |
_a৭৫ পৃ ; _c২২ সেমি. |
||
| 650 |
_aবাঙালি সাহিত্য _vকবিতা _9147092 |
||
| 650 |
_aBangali Literature _vPoetry _9145103 |
||
| 942 |
_2ddc _cBK |
||
| 999 |
_c48763 _d48763 |
||